Riadnie vzťahov so zákazníkmi v spoločnosti Vodafone Czech Republic, a.s. diplomová práca

Salvato in:
Dettagli Bibliografici
Autore principale: Čokinová, Mária
Ente Autore: Podnikovohospodárska fakulta EU so sídlom v Košiciach. Katedra marketingu a obchodu
Altri autori: Ručinský, Rastislav
Natura: Libro
Lingua:slovacco
Pubblicazione: Košice 2008
Tags: Aggiungi Tag
Nessun Tag, puoi essere il primo ad aggiungerne!!

MARC

LEADER 00000nam$a2200000$$$4500
001 0079944
005 20240201120253.9
041 0 |a slo 
044 |a SK 
245 1 0 |a Riadnie vzťahov so zákazníkmi v spoločnosti Vodafone Czech Republic, a.s.  |b diplomová práca  |c Mária Čokinová ; škol. Rastislav Ručinský 
264 1 |a Košice  |c 2008 
300 |a 77 s. 
100 1 |a Čokinová, Mária 
700 1 |a Ručinský, Rastislav 
710 2 |a Podnikovohospodárska fakulta EU so sídlom v Košiciach. Katedra marketingu a obchodu